Statistics for Cities in DuPage County IL

Click here to take the quiz!

General Stats

  • This quiz has been taken 14 times
  • The average score is 19 of 32

Answer Stats

Answer% Correct
Addison
90%
Elmhurst
90%
Wheaton
90%
Carol Stream
80%
Glen Ellyn
80%
Naperville
80%
Oak Brook
80%
West Chicago
80%
Aurora
70%
Bartlett
70%
Bensenville
70%
Downers Grove
70%
Roselle
70%
Villa Park
70%
Warrenville
70%
Bloomingdale
60%
Darien
60%
Itasca
60%
Lisle
60%
Lombard
60%
Oakbrook Terrace
60%
Glendale Heights
50%
Winfield
50%
Wood Dale
50%
Woodridge
50%
Clarendon Hills
40%
Hanover Park
40%
Hinsdale
30%
Wayne
30%
Westmont
30%
Burr Ridge
20%
Willowbrook
0%

Score Distribution

Percentile by Number Answered

Percent of People with Each Score

Your Score History

You have not taken this quiz